| 000 | 00469nam a2200181Ia 4500 | ||
|---|---|---|---|
| 005 | 20240823014345.0 | ||
| 008 | 240823s9999||||xx |||||||||||||| ||und|| | ||
| 041 | _aENGLISH | ||
| 082 | _A621.382 M9 | ||
| 100 | _aJakhar P S | ||
| 245 | 0 | _a1000 Questions & Answers on Telecommunication & Electronics Engineering | |
| 250 | _a1st | ||
| 260 |
_c1989 _b"Dhanpat Rai," |
||
| 500 | _aTransfered | ||
| 650 |
_aElectronics _bElectronics |
||
| 942 | _cBK | ||
| 999 |
_c169847 _d169847 |
||